Logo BPK

Biblioteka

Politechniki Koszalińskiej

Sprzężenia wibronowe w widmach oscylacyjnych a nieliniowe własności elektrooptyczne kryształów molekularnych / (Rekord nr 22864)

Szczegóły MARC
000 -ETYKIETA REKORDU
podpole kontrolne o stałej długości 00415nam a2200133 i 4500
001 - NUMER KONTROLNY REKORDU
pole kontrolne bg
040 ## - ŹRÓDŁO KATALOGOWANIA
Instytucja, która utworzyła rekord BPK
041 ## - KOD JĘZYKA
Kod języka tekstu pol
008 - POLE O STAŁEJ DŁUGOŚCI - DANE KONTROLNE
podpole kontrolne o stałej długości s pl f |000 0 pol
100 1# - NAZWA OSOBOWA
Nazwa osobowa SZOSTAK, Maria Magdalena
245 #0 - TYTUŁ/ODPOWIEDZIALNOŚĆ
Tytuł Sprzężenia wibronowe w widmach oscylacyjnych a nieliniowe własności elektrooptyczne kryształów molekularnych /
Pozostałe elementy strefy tytułu i oznaczenia odpowiedzialności Maria Magdalena Szostak.
260 ## - STREFA ADRESU WYDAWNICZEGO
Miejsce wydania Wrocław,
Data publikacji, dystrybucji/powstania dokumentu 1983.
856 ## - LOKALIZACJA I DOSTĘP DO ELEKTRONICZNYCH DOKUMENTÓW ZDALNYCH
Link (URL) http://koha.tu.koszalin.pl/cgi-bin/koha/opac-detail.pl?biblionumber=22864
Tekst linku Katalog online BPK
942 ## - DODATKOWE ELEMENTY (KOHA)
Typ dokumentu Książka
Egzemplarze
Wycofany Status egzemplarza Uszkodzony Dostępność Lokalizacja stała Lokalizacja bieżąca Miejsce przechowywania Sygnatura Kod kreskowy Typ dokumentu
      Dostępny Biblioteka Politechniki Koszalińskiej Biblioteka Politechniki Koszalińskiej Wypożyczalnia BG 32142 01560879 Książka
© 2023 Biblioteka Politechniki Koszalińskiej :: KOHA